Les Charles célèbres - Mort subite - Statistiques

Statistiques générales
  • Ce quiz a été pris 722 fois
  • Le résultat moyen est 9 sur 15
Answers on the Grid
Answers color-coded by a green-red scale on the quiz's grid according to % correct below.
De Gaulle
Aznavour
Darwin
Beaudelaire
Dickens
Martel
Manson
Pasqua
Maurras
Quint
Peguy
Perrault
Trenet
Bronson
Leclerc
Mac Fly
Sartre
le Bel
Goldmann
Fillon
Curie
Henry-Lévy
Mbappé
Pétain
Eisenhover
Pasteur
Thiers
Gautier
Dumas
Tolkien
 
Statistiques - réponses
Réponse % Correct
De Gaulle
86%
Aznavour
81%
Leclerc
71%
Beaudelaire
68%
Dickens
65%
Darwin
61%
Perrault
61%
Trenet
61%
Quint
56%
Martel
55%
Manson
43%
Peguy
40%
Pasqua
39%
Bronson
38%
Maurras
25%
Aucun quiz correspondant
Distribution des résultats
% des personnes avec chaque résultat
Percentile par nombre de réponses
Votre historique - résultats
Vous n’avez pas pris ce quiz